| 000 | 00601 a2200193 4500 | ||
|---|---|---|---|
| 999 |
_c2324 _d2324 |
||
| 020 | _a9780415574396 | ||
| 050 | _aK644 GEN 2011 | ||
| 100 |
_aJones,Jackie _eeditor |
||
| 245 |
_aGender,sexualities and law _cJakie Jones,Annar Grear,Rachel Anne Fenton and Kim Stevenson |
||
| 264 |
_aLondon: _bRoutledge, _c2011 |
||
| 300 | _a334p. | ||
| 500 | _aIncludes bibliographical references and index | ||
| 650 |
_aWomen-- _xLegal status |
||
| 650 | _aSex and law | ||
| 700 |
_aGrear,Anna _eeditor |
||
| 700 |
_aStevenson,Kim _eeditor |
||
| 700 |
_aFenton,Rachel Anne _eeditor |
||
| 942 |
_2lcc _cBK _h644 _iGEN _kk |
||